Microwave engineering

Tallennettuna:
Bibliografiset tiedot
Päätekijä: KRISHNAMURTHI, V.
Aineistotyyppi: Kirja
Kieli:englanti
Julkaistu: CBS Publishers 2019
Tagit: Lisää tagi
Ei tageja, Lisää ensimmäinen tagi!

MARC

LEADER 00000nam a22000007a 4500
008 240305b |||||||| |||| 00| 0 eng d
020 |a 9789388178723 
100 |a KRISHNAMURTHI, V. 
245 |a Microwave engineering  |c /V. Krishnamurthi  |g xiii,511p;ill 
260 |b CBS Publishers  |c 2019  |h New Delhi  |i 701512  |i 701513  |l TK7876.K89  |m Microwaves  |m Microwave devices  |m Microwaves circuits 
500 |a it includes index 
942 |a lcc  |c BK  |e Johnson  |f 05/05/24 
952 |0 0  |1 0  |2 lcc  |4 0  |6 TK7876 K89  |7 0  |9 4939  |a TL  |b HOL  |c QZ  |d 2024-03-05  |l 0  |o TK7876.K89  |p 2024-0190  |r 2024-03-05 00:00:00  |t 701512  |w 2024-03-05  |y BK 
952 |0 0  |1 0  |2 lcc  |4 0  |6 TK7876 K89  |7 0  |9 4940  |a HOL  |b HOL  |c QZ  |d 2024-03-05  |l 0  |o TK7876.K89  |p 2024-0191  |r 2024-03-05 00:00:00  |t 701513  |w 2024-03-05  |y BK 
999 |c 2450  |d 2450